[Event "Al Ain Amateur op 4th"]
[Site "Al Ain"]
[Date "2015.12.29"]
[Round "8"]
[White "Sasikumar, Anusweud"]
[Black "Bondok, Ahmad Saeed"]
[Result "1-0"]
[WhiteElo "1723"]
[BlackElo "1952"]
[PlyCount "54"]
[EventDate "2015.12.23"]
[EventType "swiss"]
[EventRounds "9"]
[EventCountry "UAE"]
[SourceTitle "CBM 170 Extra"]
[Source "ChessBase"]
[SourceDate "2016.02.25"]
[SourceVersion "1"]
[SourceVersionDate "2016.02.25"]
[SourceQuality "1"]

1. e4 c5 2. Nc3 Nc6 3. f4 d6 4. Nf3 a6 5. a4 Nd4 6. Bc4 e6 7. 0-0 Bd7 8. d3 b5 9. Ba2 g5 10. f5 exf5 11. exf5 Nxf5 12. Nxg5 Qf6 13. Nce4 Qg6 14. axb5 h6 15. g4 hxg5 16. gxf5 Bxf5 17. Nxg5 Be6 18. Qe2 Kd7 19. Qg2 Rc8 20. bxa6 Rh4 21. Rf4 Rxf4 22. Bxf4 Nf6 23. Bxe6+ fxe6 24. a7 Nd5 25. a8Q Rxa8 26. Rxa8 Qh6 27. Qf3 Qh4 1-0

[Event "Al Ain Amateur op 4th"]
[Site "Al Ain"]
[Date "2015.12.23"]
[Round "1"]
[White "Bondok, Ahmad Saeed"]
[Black "Alur, Varun"]
[Result "0-1"]
[WhiteElo "1952"]
[BlackElo "1380"]
[PlyCount "40"]
[EventDate "2015.12.23"]
[EventType "swiss"]
[EventRounds "9"]
[EventCountry "UAE"]
[SourceTitle "CBM 170 Extra"]
[Source "ChessBase"]
[SourceDate "2016.02.25"]
[SourceVersion "1"]
[SourceVersionDate "2016.02.25"]
[SourceQuality "1"]

1. d4 Nf6 2. Nf3 e6 3. c4 d5 4. Nc3 c5 5. Bg5 cxd4 6. Nxd4 Be7 7. e3 0-0 8. Bd3 Nc6 9. Nxc6 bxc6 10. 0-0 Qb6 11. Qc2 h6 12. Bh4 dxc4 13. Bxc4 Rb8 14. Rab1 Ba6 15. Bxf6 gxf6 16. Bxa6 Qxa6 17. Qe4 Rb4 18. Qf3 f5 19. g3 Rg4 20. e4 Rg5 0-1